| 000 | 00633nam a2200193 i 4500 | ||
|---|---|---|---|
| 001 | bg | ||
| 003 | BPK | ||
| 005 | 20190731111324.0 | ||
| 008 | 940404s1973 un f |000 0 rusod | ||
| 040 | _cBPK | ||
| 080 | _a517.9 | ||
| 245 | 0 | 0 |
_aMetody pribliżennogo rešenija differencialnyh i integral'nyh uravnenij / _cotvetstv. red. Û. A. Mitropolskij, A. Û. Lučka. |
| 260 |
_aKiev : _bInstitut Matematiki AN USSR, _c1973. |
||
| 300 |
_a373 s. ; _c20 cm. |
||
| 650 | 4 | _aRównania różniczkowe | |
| 700 | 1 |
_aMitropolskij, Ûrij Alekseevič _d(1917- ). _eRed. |
|
| 700 | 1 |
_a Lučka, A. Û. _dRed. |
|
| 942 |
_cKS _2UKD |
||
| 999 |
_c26572 _d26572 |
||